Soil survey of Jefferson County, Wisconsin, (Record no. 25881)

MARC details
000 -LEADER
fixed length control field 01348cam a22002771 4500
001 - CONTROL NUMBER
control field gs 18000395
003 - CONTROL NUMBER IDENTIFIER
control field DLC
005 - DATE AND TIME OF LATEST TRANSACTION
control field 20260227111323.0
008 - FIXED-LENGTH DATA ELEMENTS--GENERAL INFORMATION
fixed length control field 780914s1916 wiuab s000 0 eng c
010 ## - LIBRARY OF CONGRESS CONTROL NUMBER
LC control number gs 18000395
035 ## - SYSTEM CONTROL NUMBER
System control number (OCoLC)4224050
040 ## - CATALOGING SOURCE
Original cataloging agency Library, U. S. Geological Survey
Transcribing agency AzU
Modifying agency DLC
042 ## - AUTHENTICATION CODE
Authentication code premarc
050 00 - LIBRARY OF CONGRESS CALL NUMBER
Classification number QE179
Item number .A2 no. 48
100 1# - MAIN ENTRY--PERSONAL NAME
Personal name Whitson, A. R.
Fuller form of name (Andrew R.),
Dates associated with a name 1870-1945.
245 10 - TITLE STATEMENT
Title Soil survey of Jefferson County, Wisconsin,
Statement of responsibility, etc. by A. R. Whitson, W. J. Geib and O. J. Noer of the Wisconsin Geological and natural history survey, and A. H. Meyer, of the United States Department of agriculture; survey conducted in cooperation with the United States Department of agriculture, Bureau of soils.
260 ## - PUBLICATION, DISTRIBUTION, ETC.
Place of publication, distribution, etc. Madison, Wis.,
Name of publisher, distributor, etc. The State,
Date of publication, distribution, etc. 1916.
300 ## - PHYSICAL DESCRIPTION
Extent 1 p. l., 78 p.
Other physical details illus., (maps) III pl., fold. map (in portfolio)
Dimensions 23 cm.
490 0# - SERIES STATEMENT
Series statement Wisconsin. Geological and natural history survey. Bulletin,
Volume/sequential designation no. 48. Soil series no. 13
500 ## - GENERAL NOTE
General note Soil survey in cooperation with the College of agriculture.
650 #0 - SUBJECT ADDED ENTRY--TOPICAL TERM
Topical term or geographic name entry element Soil surveys
Geographic subdivision Wisconsin
-- Jefferson County.
700 1# - ADDED ENTRY--PERSONAL NAME
Personal name Geib, W. J.
Fuller form of name (Warren Jacob),
Dates associated with a name 1880-
Relator term joint author.
700 1# - ADDED ENTRY--PERSONAL NAME
Personal name Noer, Oyvind Juul,
Relator term joint author.
700 1# - ADDED ENTRY--PERSONAL NAME
Personal name Meyer, Alfred Henry,
Dates associated with a name 1888-1934,
Relator term joint author.
710 1# - ADDED ENTRY--CORPORATE NAME
Corporate name or jurisdiction name as entry element United States.
Subordinate unit Bureau of Soils.

No items available.

Powered by Koha